000 00399nam a22001577a 4500
003 NUST - PNEC
005 20170116181036.0
008 150919b xxu||||| |||| 00| 0 eng d
040 _cLIBRARY
082 _a510.7834 FLO
100 _911402
_aFlores, Ivan
245 _aComputer sorting
_cIvan Flores
260 _cc 1969
650 _911404
_aSorting (Electronic computers)
_xEL
942 _2ddc
_cBK
999 _c67942
_d67942